[Event "Dortmund m"]
[Site "Dortmund"]
[Date "2001.07.13"]
[Round "2"]
[White "Skripchenko, Almira"]
[Black "Naiditsch, Arkadij"]
[Result "0-1"]
[WhiteElo "2494"]
[BlackElo "2524"]
[Annotator "Ftacnik,L"]
[PlyCount "70"]
[EventDate "2001.07.12"]
[EventType "match"]
[EventRounds "10"]
[EventCountry "GER"]
[SourceTitle "CBM 085"]
[Source "ChessBase"]
[SourceDate "2001.11.13"]
[SourceVersion "1"]
[SourceVersionDate "2001.11.13"]
[SourceQuality "1"]

1. e4 c5 2. Nf3 d6 3. d4 cxd4 4. Nxd4 Nf6 5. Nc3 a6 6. Be3 e5 7. Nb3 Be6 8. f3
Nbd7 9. Qd2 b5 10. O-O-O Rc8 11. Kb1 Nb6 12. Qf2 Nfd7 13. Nd5 Bxd5 14. exd5 Nc4
15. Bc1 Qb6 16. Qe1 (16. Qxb6 Ndxb6 17. Be2 Be7 $11) 16... Be7 17. g4 O-O 18.
h4 b4 (18... a5 19. Bxc4 bxc4 20. Nxa5 Nb8 21. Bd2 $14) 19. Bd3 Rc7 20. g5 a5
21. h5 a4 $2 {[%mdl 128] It is understandable, that Naiditsch feels the urge
for action, that would distract white from attacking ideas on the kingside.
This sharp position required quite delicate approach and 21...a4? fails
tactically.} (21... Rfc8 $1 22. g6 fxg6 (22... h6 23. gxf7+ Kxf7 24. Qg3 a4 25.
Qg6+ Kf8 26. Bf5 Bf6 27. Bxh6 $18) 23. hxg6 h6 24. Bf5 Bf6 $13) 22. Nd4 $1 Na3+
(22... exd4 23. Qe4 $1 f5 24. Qe6+ Kh8 25. h6 $18) (22... b3 23. cxb3 axb3 24.
Qe4 f5 25. Nxf5 Bxg5 26. Bxc4 Rxc4 27. Qxc4 $18) 23. bxa3 (23. Ka1 Qxd4 24. Rh2
(24. Bxh7+ Kxh7 25. Rxd4 Nxc2+ $19) 24... Kh8 25. Bf5 Qb6 26. bxa3 bxa3 $15)
23... exd4 (23... bxa3+ $2 24. Nb5 Nc5 25. Be2 $18) 24. axb4 $6 (24. Qe4 $1 f5
(24... bxa3+ 25. Ka1 g6 26. hxg6 Qb4 27. Qe1 $18) 25. Qe6+ Kh8 26. h6 bxa3+ 27.
Ka1 gxh6 28. Qxe7 Qb4 29. Qe1 $18) 24... a3 (24... Ne5 25. a3 $16) 25. Bxa3 $2
{Skripchenko is playing to the black's tune, she was still able to win in the
sharp attack.} (25. g6 $1 h6 26. Bxh6 $1 gxh6 (26... Ne5 27. Bd2 Nxf3 28. Qe2
Nxd2+ 29. Qxd2 Rc3 30. b5 Qc5 31. Ka1 $18) 27. Qxe7 Qxb4+ 28. Kc1 $18) 25...
Bxg5 26. f4 (26. Bb2 Be3 $14) 26... Rc3 27. Bb2 (27. fxg5 Rxa3 28. g6 h6 29.
Rf1 $14) 27... Qxb4 28. Ka1 (28. Bxh7+ Kxh7 29. Qe4+ f5 30. Qxd4 Qxd4 31. Rxd4
Rg3 32. fxg5 Rxg5 33. Ba3 $16) (28. fxg5 Rb8 29. Kc1 Qxb2+ 30. Kd2 Nc5 $19) (
28. a3 Qb6 29. Bxh7+ Kxh7 30. Qe4+ Kg8 31. Qxd4 Bf6 32. Qxb6 Nxb6 33. Bxc3 Bxc3
34. Rd3 $16) 28... Ra8 29. fxg5 Nc5 30. Bxh7+ (30. g6 Qa4 $1 31. gxf7+ Kxf7 32.
Rf1+ Kg8 33. Bc4 Qxc4 $19) 30... Kxh7 31. g6+ Kh8 32. h6 $2 {Obviously the
first player mating the opponent will win, but this last mistake enables
forced mate.} (32. gxf7 $2 Rxa2+ 33. Kxa2 Qa4+ 34. Kb1 Qxc2+ 35. Ka2 Ra3+ 36.
Kxa3 Qa4#) (32. Rxd4 $1 Qa5 (32... Qxd4 33. Qxc3 Rxa2+ 34. Kb1 $18) 33. Qb1
Rxc2 34. Rb4 Qxb4 35. Qxc2 $18) 32... Rxa2+ $1 33. Kxa2 Qa4+ 34. Kb1 Qxc2+ 35.
Ka2 Ra3+ $1 (35... Ra3+ $1 36. Kxa3 Qa4# (36... Qb3#)) 0-1

[Event "EU-ch 2nd"]
[Site "Ohrid"]
[Date "2001.06.14"]
[Round "13"]
[White "Motylev, Alexander"]
[Black "Hulak, Krunoslav"]
[Result "1-0"]
[WhiteElo "2601"]
[BlackElo "2564"]
[Annotator "Ftacnik,L"]
[PlyCount "85"]
[EventDate "2001.06.01"]
[EventType "swiss"]
[EventRounds "13"]
[EventCountry "YUG"]
[SourceTitle "CBM 084"]
[Source "ChessBase"]
[SourceDate "2001.09.13"]
[SourceVersion "1"]
[SourceVersionDate "2001.09.13"]
[SourceQuality "1"]

1. e4 c5 2. Nf3 d6 3. d4 cxd4 4. Nxd4 Nf6 5. Nc3 a6 6. f3 e5 7. Nb3 Be6 8. Be3
Be7 9. Qd2 h5 10. O-O-O Nbd7 11. Kb1 Rc8 12. h3 $5 h4 (12... b5 13. Be2 (13.
Nd5 Bxd5 14. exd5 Nb6 15. Bxb6 Qxb6 16. f4 Nd7 17. Bd3 exf4 18. Qxf4 Ne5 19.
Rhf1 Bf6 20. Nd4 O-O {0-1 Manotas,F-Bolivar,J/Columbia/1999/ (32)}) 13... h4
14. a4 b4 15. Na2 a5 16. Bb5 O-O 17. Nac1 Qc7 18. Qf2 Rb8 19. Qxh4 Rxb5 20.
axb5 a4 21. Na1 a3 {0-1 Porubszky Angyalosine,M-Bacso,G/HUN/ 1993/ (38)}) (
12... Qc7 13. Bd3 b5 14. g4 Nb6 15. Bxb6 Qxb6 16. g5 Nd7 17. Nd5 Bxd5 18. exd5
g6 19. Rhe1 Qc7 20. h4 Nb6 21. f4 {1-0 Morozevich,A-Sadvakasov,D/Astana/2001/ 
(28)}) (12... Nb6 13. Bxb6 Qxb6 14. Bd3 h4 15. f4 Rc7 16. Rhe1 O-O 17. fxe5
dxe5 18. Nd5 Bxd5 19. exd5 Nxd5 20. Rxe5 Nb4 {1/2-1/2 Costantini,R-Rashkovsky,
N/Biel/2001/ (45)}) 13. f4 b5 14. Bd3 Qc7 15. Rhe1 Qb8 (15... Nb6 16. Bxb6 Qxb6
17. Nd5 Qd8 18. c3 (18. Qf2 Nd7 19. Qa7 O-O 20. Qxa6 Bxd5 21. exd5 exf4 22. Qa5
Ne5 {1/2-1/2 Shomoev,A-Shariyazdanov,A/Tomsk/2001/ (52)}) 18... O-O 19. Bc2 Re8
20. Nxf6+ Bxf6 21. f5 Bxb3 22. Bxb3 Qa5 23. Rg1 Red8 24. g4 {1-0 Lutz,
C-Ftacnik,L/GER/2001/ (35)}) 16. Nd5 $1 Bd8 (16... Nxd5 17. exd5 Bxd5 18. fxe5
$1 (18. Bxb5 Qxb5 (18... Bxb3 19. Bxd7+ Kxd7 20. axb3 $14) 19. Qxd5 Qxd5 20.
Rxd5 Rh5 $11) 18... Bxb3 (18... Nxe5 19. Bxb5+ Qxb5 20. Qxd5 $14) 19. exd6
Bxa2+ 20. Kxa2 Qxd6 21. Bg5 f6 22. Bg6+ Kd8 23. Bf5 $18) (16... Bxd5 17. exd5
Nxd5 18. fxe5 Nxe3 19. exd6 Bg5 20. Rxe3+ Kf8 21. Bf5 Rd8 22. Re8+ Rxe8 23.
Qxg5 Nf6 24. g4 $14) 17. c3 $1 {[%mdl 4] Excellent move along the ideas of
Lutz-Ftacnik game, white finds excellent squares for his lightsquared bishop.}
Nb6 (17... Nxd5 18. exd5 Bxd5 19. Bf5 Bxb3 20. axb3 $16) 18. fxe5 dxe5 (18...
Nfxd5 19. exd5 Nxd5 20. exd6 Qxd6 21. Be4 $18) 19. Nxf6+ Bxf6 (19... gxf6 20.
Nc5 $16) 20. Nc5 O-O (20... Nc4 21. Bxc4 Bxc4 22. Qd7+ Kf8 23. b3 b4 24. bxc4
bxc3+ 25. Qb7 $18) 21. Nxe6 fxe6 22. Qe2 $1 Na4 (22... Nc4 23. Bf2 $16) 23. Qg4
Rc6 (23... b4 24. Qxe6+ Kh7 25. cxb4 Qxb4 26. Qb3 $16) 24. Bc2 $1 Qe8 (24...
Nb6 25. Bb3 Nc4 26. Bg5 $16) 25. Bb3 {White's bishops are quite unpleasant and
Hulak has no counterplay.} Nb6 26. Bxb6 Rxb6 27. Rd3 a5 (27... b4 28. cxb4 $16)
28. a3 Kh7 29. Rf1 b4 30. cxb4 axb4 31. a4 $1 (31. axb4 $2 Qb5 32. Rdf3 Qxb4
$11) 31... Ra6 32. g3 $1 Qg6 (32... hxg3 33. Rxg3 Qe7 34. h4 $18) 33. gxh4 Be7
(33... Qh6 34. h5 $16) 34. Rxf8 Bxf8 35. Rd8 Qxg4 (35... Qf7 36. Bc4 Rc6 37.
Bxe6 Qxe6 38. Qxe6 Rxe6 39. Rxf8 b3 40. Rf3 Ra6 41. Rxb3 Rxa4 42. Re3 $18) 36.
hxg4 {Black has no survival chances despite opposite coloured bishops.} Be7 (
36... Kg8 37. Rd7 Kh7 38. Kc2 $18) 37. Rb8 Kg6 (37... Bxh4 38. Rxb4 $18) 38. g5
Kh5 39. Rb7 Bf8 40. Rf7 Ra8 (40... Bc5 41. Rxg7 Kxh4 42. g6 Kg5 43. Rc7 $18)
41. Bxe6 Bc5 (41... Kxh4 42. Bd5 Rd8 43. a5 Kxg5 44. a6 $18) 42. Rxg7 Kxh4 43.
g6 (43. g6 Kg5 44. Rc7 Bf8 45. g7 Bxg7 46. Rxg7+ Kf6 47. Bd5 $18) 1-0

[Event "CZE-ch"]
[Site "Karlovy Vary"]
[Date "2005.02.08"]
[Round "8"]
[White "Hracek, Zbynek"]
[Black "Babula, Vlastimil"]
[Result "1/2-1/2"]
[WhiteElo "2600"]
[BlackElo "2566"]
[Annotator "Ftacnik,L"]
[PlyCount "45"]
[EventDate "2005.02.01"]
[EventType "tourn"]
[EventRounds "11"]
[EventCountry "CZE"]
[EventCategory "11"]
[SourceTitle "CBM 106"]
[Source "ChessBase"]
[SourceDate "2005.06.06"]
[SourceVersion "1"]
[SourceVersionDate "2005.06.06"]
[SourceQuality "1"]

1. e4 c5 2. Nc3 d6 3. Nf3 Nf6 4. d4 cxd4 5. Nxd4 a6 6. Be3 e5 7. Nb3 Be6 8. f3
Be7 9. Qd2 O-O 10. O-O-O Nbd7 11. g4 b5 12. g5 b4 13. Ne2 Ne8 14. f4 a5 15. Kb1
a4 16. Nbc1 exf4 17. Bxf4 Nc5 {Great theoretical discussion of two rivals for
the championship title.} (17... b3 18. Nd4 bxa2+ 19. Nxa2 Nc5 20. Bg2 Qd7 21.
Nb4 Rb8 22. Ndc6 Rb6 23. e5 d5 24. Bxd5 Nc7 25. Bf3 {1-0 Perez,R-Adla,D/
Pontevedra 2003/ (34)}) 18. Bg2 (18. Qe3 b3 19. cxb3 axb3 20. a3 Qc8 (20... Qb6
21. Nd4 Nc7 22. Nf5 Bxf5 23. exf5 Rfe8 24. g6 d5 25. Bxc7 Qxc7 26. Bg2 Bf6 27.
Qg3 Be5 {1/2-1/2 Baramidze,D-Lendwai,R/Austria 2005/ (47)}) 21. Nd4 d5 22.
Ncxb3 Nxe4 23. Rc1 Qd7 24. Bb5 Qa7 25. Bc6 Rd8 26. h4 {1-0 Kalezic,
B-Djukanovic,S/Bijelo Polje 2004/ (44)}) 18... b3 19. cxb3 axb3 20. a3 d5 21.
Nd4 Nd6 (21... Bg4 22. Nc6 Qd7 23. Qxd5 Bxd1 24. Rxd1 Bd6 25. Bxd6 Nxd6 26.
Qxc5 Qg4 27. Rxd6 Qxg2 28. Nxb3 Qxe4+ 29. Ka2 {1-0 Quezada,Y-Das,A/Kochin 2004/
(31)}) 22. Bxd6 {Hracek must have prepared the move in order to avoid problems
from the foreruner games.} (22. exd5 Bg4 23. Rde1 Qd7 24. Qb4 (24. Nc6 Bf5+ 25.
Ka1 Nde4 26. Qe3 Bd6 27. Bxd6 Qxd6 28. Nxb3 Nd3 {0-1 Ivanov,A-Solovjov,S/St
Petersburg 2005/ (37)}) 24... Bf5+ 25. Ka1 Rfb8 26. Qxc5 Nc4 27. d6 Rxa3+ 28.
Qxa3 Nxa3 29. dxe7 Nc2+ 30. Nxc2 Qa4+ {0-1 Svidler,P-Vallejo Pons,F/Monaco
2004/ (30)}) 22... Qxd6 23. Nf5 (23. Nxe6 fxe6 24. exd5 e5 $11) (23. Nf5 Qd7
24. Rhf1 Ra4 25. Nxe7+ Qxe7 26. exd5 Bg4 $13) 1/2-1/2

[Event "Montreal WCT"]
[Site "Montreal"]
[Date "2005.01.18"]
[Round "5"]
[White "Antonio, Rogelio Jr"]
[Black "Hauchard, Arnaud"]
[Result "0-1"]
[WhiteElo "2539"]
[BlackElo "2487"]
[Annotator "Ftacnik,L"]
[PlyCount "76"]
[EventDate "2005.01.15"]
[EventType "tourn"]
[EventRounds "9"]
[EventCountry "CAN"]
[EventCategory "10"]
[SourceTitle "CBM 105"]
[Source "ChessBase"]
[SourceDate "2005.04.11"]
[SourceVersion "1"]
[SourceVersionDate "2005.04.11"]
[SourceQuality "1"]

1. e4 c5 2. Nf3 d6 3. d4 cxd4 4. Nxd4 Nf6 5. Nc3 a6 6. Be3 e5 7. Nb3 Be7 8. f3
Be6 9. Qd2 Nbd7 10. g4 Nb6 11. O-O-O Rc8 12. Kb1 O-O 13. h4 Nfd7 14. g5 f5 {
Not always desirable, but certainly a valid defense against the threats posed
by the advancing white g and h pawns.} (14... Kh8 15. h5 f5 16. exf5 Rxf5 17.
g6 h6 18. Bxh6 Nc4 19. Bxc4 Rxc4 20. Be3 Nf6 21. Nc5 Qc8 22. Nxe6 Qxe6 23. h6
gxh6 24. Rxh6+ Kg7 25. Qh2 {1-0 Ayas Fernandez,A-Arencibia,W/Valencia 1998/}) (
14... Qc7 15. h5 Nc4 16. Bxc4 Qxc4 17. g6 Nf6 18. gxh7+ Nxh7 19. Qg2 Kh8 20. f4
exf4 21. Bxf4 Rcd8 22. Be3 Bf6 23. Bd4 Bxd4 24. Nxd4 {Gunawan,R-De Firmian,N/
New York 1994/ 1-0 (60)}) (14... Nc4 15. Bxc4 Rxc4 16. h5 b5 17. Rdg1 b4 18.
Nd5 Bxd5 19. Qxd5 Qc7 20. Rg2 Bd8 21. Na5 {1-0 Lobron,E-Tassi,O/Rome 1981/ (23)
}) 15. gxf6 (15. exf5 Bxf5 16. Bd3 Bxd3 17. Qxd3 Rxf3 18. Qe4 $14) 15... Rxf6
16. Be2 (16. Bh3 Bxh3 17. Bxb6 Nxb6 18. Rxh3 Rf7 19. h5 $14) 16... Rf7 17. h5
Qc7 18. Rhg1 Nf6 (18... Nc4 19. Bxc4 Qxc4 20. Bg5 Bf8 21. f4 exf4 22. Bxf4 $14)
19. Rg5 {Antonio doesn't want to play h5-h6 yet and pawn on h5 had to be
defended.} (19. h6 g6 20. f4 exf4 21. Bxf4 Nc4 22. Bxc4 Qxc4 23. Qe3 $14) 19...
Rd8 (19... Nc4 20. Bxc4 Qxc4 21. h6 g6 22. Qg2 b5 $11) 20. Qe1 (20. h6 g6 (
20... d5 21. Rxe5 dxe4 22. Qxd8+ Bxd8 23. Rxe6 Nbd7 24. Nxe4 $40) 21. Qe1 Nc4)
20... Nc4 21. Bxc4 (21. Bc1 Rc8 (21... d5 22. exd5 Nxd5 23. Nxd5 Rxd5 24. Rxd5
Bxd5 25. Bxc4 Qxc4 26. Rxe5 Bf8 27. f4 $14) 22. Bxc4 Qxc4 $11) 21... Qxc4 22.
h6 g6 23. Qg1 Kh8 24. Na5 Qc8 (24... Qb4 $2 25. a3 $1 Qxa5 26. Bb6 $16) 25. f4
$2 {White had probably forgotten, that his Be2 is already gone and g4 square
is not adequately protected.} (25. Bb6 Rdf8 $15) 25... Ng4 $1 26. f5 (26. Bc1
exf4 27. Rxg4 Bxg4 28. Rf1 g5 $19) (26. Rxg4 Bxg4 27. Rf1 Be6 $17) 26... Nxe3
27. fxe6 (27. Qxe3 Bxg5 28. Qxg5 gxf5 $17) 27... Nxd1 28. exf7 Nxc3+ 29. bxc3
Qe6 $1 {Only this fine move serves as a refutation of white's plan, the mighty
pawn on f7 is marked for anihilation.} (29... Qxc3 $2 30. Rxg6 $1 $18) 30. Rf5
Rf8 31. Kb2 d5 $1 32. Qg3 (32. Rf1 dxe4 33. Qe3 Qd5 34. Nb3 Rxf7 35. Rxf7 Qxf7
36. Qxe4 Bd6 $17) 32... Bf6 33. Rf1 Rxf7 34. exd5 Qxd5 {Hauchard has extra
pawn, better pieces and a pawn structure- not bad for the defender of the
sharp opening line!} 35. Qg4 Kg8 36. Nb3 (36. Qc8+ Rf8 37. Qxb7 Qxb7+ 38. Nxb7
e4 39. Kb3 e3 40. Kc4 e2 41. Re1 Rc8+ 42. Kd3 Rc7 $19) 36... Be7 37. Rd1 Qc6
38. a4 Rf4 (38... Rf4 39. Qd7 Qxd7 40. Rxd7 Bf8 41. Rxb7 Rxa4 42. Rb8 Kf7 $19)
0-1

[Event "Rostock-10 GM Group"]
[Site "Rostock"]
[Date "1984.08.17"]
[Round "7"]
[White "Lanc, Alois"]
[Black "Bernard, Ryszard"]
[Result "0-1"]
[WhiteElo "2390"]
[BlackElo "2375"]
[Annotator "Ftacnik,L"]
[PlyCount "74"]
[EventDate "1984.08.11"]
[EventType "tourn"]
[EventRounds "9"]
[EventCountry "DDR"]
[EventCategory "8"]
[SourceTitle "MCL"]
[Source "ChessBase"]
[SourceDate "1999.07.01"]
[SourceVersion "1"]
[SourceVersionDate "1999.07.01"]
[SourceQuality "1"]

1. e4 c5 2. Nf3 d6 3. d4 cxd4 4. Nxd4 Nf6 5. Nc3 a6 6. Be3 e5 7. Nb3 Be6 8. Qd2
Nbd7 9. f3 Be7 (9... b5) 10. g4 b5 11. g5 Nh5 12. Rg1 Qc7 13. Nd5 Bxd5 14. exd5
O-O 15. O-O-O (15. Na5 Rfe8 16. Nc6 Bf8 $36) 15... Nb6 16. h4 Rfc8 17. Bxb6
Qxb6 18. Bd3 a5 19. a3 g6 20. Kb1 Bd8 21. Rg4 Nf4 22. Re1 Qb7 23. Be4 (23. Rxf4
exf4 24. Re8+ Kg7 25. Bxb5 Qxb5 26. Qd4+ f6 27. Rxd8 Rxd8 28. Qxf6+ Kg8 29.
Qe6+ $10) 23... Bb6 24. Rh1 a4 25. Nc1 Qa7 26. Nd3 Be3 27. Qd1 Rc4 28. c3 Rac8
29. Nb4 $2 (29. Nxf4 $142 exf4 30. Bd3 $10) 29... Rxb4 $1 30. axb4 a3 31. h5 $2
axb2 32. Kxb2 Rxc3 $1 33. Kxc3 Qa3+ 34. Kc2 Qa2+ 35. Kc3 Bd4+ 36. Qxd4 exd4+
37. Kxd4 Qd2+ 0-1

[Event "USA-ch"]
[Site "San Diego"]
[Date "2004.12.03"]
[Round "8"]
[White "Schneider, Dmitry"]
[Black "Browne, Walter Shawn"]
[Result "1-0"]
[WhiteElo "2453"]
[BlackElo "2455"]
[Annotator "Ftacnik,L"]
[PlyCount "57"]
[EventDate "2004.11.24"]
[EventType "swiss"]
[EventRounds "9"]
[EventCountry "USA"]
[SourceTitle "CBM 105"]
[Source "ChessBase"]
[SourceDate "2005.04.11"]
[SourceVersion "1"]
[SourceVersionDate "2005.04.11"]
[SourceQuality "1"]

1. e4 c5 2. Nf3 d6 3. d4 cxd4 4. Nxd4 Nf6 5. Nc3 a6 6. f3 e5 7. Nb3 Be6 8. Be3
Nbd7 9. g4 Nb6 10. g5 Nh5 11. Qd2 Be7 12. O-O-O O-O 13. Kb1 Rc8 14. Rg1 Qc7 15.
Qf2 Nc4 16. Bxc4 Qxc4 17. f4 $5 Nxf4 18. Bxf4 exf4 19. Qxf4 a5 20. a3 (20. Nxa5
Qb4 21. Nb3 Rxc3 22. bxc3 Qxc3 23. Rg3 Qc4 24. Rd4 Qa6 25. e5 dxe5 26. Qxe5 Rc8
27. Rgd3 b5 28. Rd6 Bxd6 29. Rxd6 Qa8 {Goloshchapov,A-Korobov,A/Kharkov 2004/
1/2-1/2 (75)}) (20. Rd4 Qc6 21. Qd2 Qb6 22. Na4 Qc7 23. Nc3 Qb6 24. Re1 Bxb3
25. axb3 Bxg5 26. Qd3 Rc6 27. Nd5 Qd8 28. Rf1 {Bologan,V-De Firmian,N/Selfoss
2003/ 1-0 (44)}) (20. h4 b5 21. Nd4 Rc5 22. h5 Re5 23. Nf3 b4 24. Rd4 Qc6 25.
Nd5 Bxd5 26. exd5 Rxd5 27. Qe4 Rc5 28. Qxe7 Qxf3 29. Rxd6 {1/2-1/2 Fedorov,
A-De Firmian,N/Copenhagen 2004/}) 20... Rc7 $6 {[%mdl 4] Browne will be way
too slow with his queenside counterplay, only 20...b5! stands a chance of
fighting for equality.} (20... b5 $1 21. Qf1 (21. Nxa5 Qc7 22. Nb3 b4 23. axb4
Bxb3 24. cxb3 Qa7 $13) 21... b4 22. Qxc4 Rxc4 23. axb4 axb4 24. Nd5 Bxd5 25.
exd5 $14) 21. h4 Rfc8 22. Rg3 Qa6 (22... d5 23. h5 dxe4 24. Nd2 Qc6 25. Ndxe4
b5 26. h6 $40) 23. Nd4 Qb6 (23... d5 24. Nxe6 (24. exd5 Bd6 25. Qe4 Bxg3 26.
dxe6 fxe6 $15) 24... fxe6 25. Rf3 $14) 24. Na4 $1 Qa6 25. Rf3 Bf8 {Black is
helpless against the opening of the f file with grave consequences.} (25... d5
26. Nxe6 Qxe6 27. exd5 $16) (25... b5 26. Nc3 b4 27. Ncb5 Rd7 28. Nxe6 fxe6 29.
Rdf1 $18) (25... Rf8 26. Nc3 Qc4 27. Nf5 $16) 26. Nxe6 fxe6 27. h5 (27. Rdf1 g6
28. h5 gxh5 29. Qf6 $16) 27... Qb5 (27... e5 28. Qf5 d5 29. exd5 $18) (27... g6
28. hxg6 hxg6 29. Qf6 Qc4 30. Rh1 $18) 28. Rdf1 g6 (28... Qe8 29. Qg4 Qe7 30.
g6 b5 31. gxh7+ Kh8 32. Nb6 Rb8 33. Qg6 $18) (28... Be7 29. Qf7+ Kh8 30. Qf8+
$18) 29. Qxf8+ $1 {A merciful final touch, black is mated before he himself
coud manage one shot.} (29. Qxf8+ $1 Rxf8 30. Rxf8+ Kg7 31. h6#) 1-0

[Event "Gausdal GM-A"]
[Site "Gausdal"]
[Date "2005.04.19"]
[Round "7"]
[White "Korneev, Oleg"]
[Black "Bogner, Sebastian"]
[Result "1-0"]
[WhiteElo "2611"]
[BlackElo "2409"]
[Annotator "Ftacnik,L"]
[PlyCount "51"]
[EventDate "2005.04.13"]
[EventType "tourn"]
[EventRounds "9"]
[EventCountry "NOR"]
[EventCategory "10"]
[SourceTitle "CBM 107"]
[Source "ChessBase"]
[SourceDate "2005.08.01"]
[SourceVersion "1"]
[SourceVersionDate "2005.08.01"]
[SourceQuality "1"]

1. e4 c5 2. Nf3 d6 3. d4 cxd4 4. Nxd4 Nf6 5. Nc3 a6 6. Be3 e5 7. Nb3 Be6 8. f3
Nbd7 9. Qd2 b5 10. O-O-O Be7 11. g4 Nb6 12. Qf2 Nfd7 13. Kb1 Nc4 14. Nd5 {
There are many ways for black to seek counterplay against the black king, the
older line with knights on b6 and d7 might be rejuvenated.} (14. Bc1 Qc7 (14...
Qb6 15. Qe1 a5 16. Rd5 Bxd5 17. Nxd5 Qb7 18. a4 Ndb6 19. Nxb6 Qxb6 20. axb5 a4
21. Bxc4 axb3 22. cxb3 {1-0 Motylev,A-Landa,K/Internet 2004/ (37)}) 15. Nd5
Bxd5 16. exd5 a5 17. Nd2 a4 18. f4 O-O 19. h4 Rfb8 20. Rh3 exf4 21. Qxf4 Nde5
22. g5 {1-0 Schmaltz,R-Naiditsch,A/playchess.com 2004/ (46)}) 14... Bxd5 15.
exd5 a5 (15... O-O 16. h4 Bxh4 17. Rxh4 Nxe3 18. Bd3 h6 19. Rg1 Nxd5 20. g5 Nf4
21. gxh6 g6 22. Be4 Rc8 {0-1 Eisele,S-Bogner,S/Stuttgart 2005/ (37)}) 16. Bc1 (
16. Nd2 Nxe3 17. Qxe3 Bg5 18. Qf2 Bxd2 19. Rxd2 b4 20. Bb5 O-O 21. h4 Nc5 22.
g5 a4 23. Qe3 f5 24. f4 e4 25. h5 {1-0 Mutschnik,I-Naiditsch,A/playchess.com
2004/ (42)}) 16... Bg5 (16... Bh4 17. Qe2 O-O 18. Nd2 Rc8 19. Ne4 Qc7 $13) 17.
f4 Qf6 $6 {Bogner plays a very dangerous move since black king is not yet in
safety.} (17... Bxf4 18. Bxf4 exf4 19. Qxf4 Nde5 20. Nd4 Qd7 21. Nf5 O-O $13)
18. Nd4 $1 Bxf4 (18... exd4 19. Qe2+ Ne3 20. fxg5 Qe5 21. Bxe3 dxe3 22. Rd3 O-O
23. h4 $14) 19. Nxb5 Rc8 (19... Bxc1 20. Qxf6 Nxf6 21. Bxc4 Bf4 22. Nxd6+ $14)
20. g5 $1 Qe7 (20... Bxg5 21. Qxf6 Bxf6 (21... Nxf6 22. Bxg5 $18) 22. Bxc4 $18)
21. Na7 $1 {[%mdl 2048] Korneev is making small wonders with this knight,
black will go under due to its skillful relocation.} Rc5 (21... Bxc1 22. Nxc8
Qd8 23. Bxc4 Qxc8 24. Bb5 Bxg5 25. Rhg1 h6 26. Qb6 Ke7 27. Qxa5 $18) 22. Bxf4
exf4 23. Bxc4 Rxc4 24. Nc6 Qxg5 (24... Rxc6 25. dxc6 Ne5 26. Qd4 $18) (24...
Qe3 25. Rhe1 $18) 25. Qe2+ Ne5 26. Nxe5 1-0

[Event "Sigeman & Co 13th"]
[Site "Malmo/Copenhagen"]
[Date "2005.04.21"]
[Round "6"]
[White "Hansen, Sune Berg"]
[Black "Nakamura, Hikaru"]
[Result "0-1"]
[WhiteElo "2553"]
[BlackElo "2657"]
[Annotator "Ftacnik,L"]
[PlyCount "68"]
[EventDate "2005.04.15"]
[EventType "tourn"]
[EventRounds "9"]
[EventCountry "SWE"]
[EventCategory "13"]
[SourceTitle "CBM 107"]
[Source "ChessBase"]
[SourceDate "2005.08.01"]
[SourceVersion "1"]
[SourceVersionDate "2005.08.01"]
[SourceQuality "1"]

1. e4 c5 2. Nf3 d6 3. d4 cxd4 4. Nxd4 Nf6 5. Nc3 a6 6. a4 e5 7. Nf3 Qc7 8. Bg5
Nbd7 9. Nd2 h6 10. Bh4 g5 11. Bg3 Nc5 12. a5 Be6 13. h4 {Black is rather
exposed on the kingside, but as a compensation he exerts good control in the
center.} (13. Qf3 Ncd7 14. Bd3 h5 15. h4 g4 16. Qe2 Bh6 17. Nc4 Nf8 18. Nb6 Rd8
19. O-O Ng6 20. Ncd5 Bxd5 21. exd5 O-O 22. Bxg6 fxg6 23. c4 {1/2-1/2 Yudasin,
L-Stratil,L/Gdynia 1987/ (45)}) 13... Bg7 (13... g4 14. h5 Qc6 15. Qe2 Bg7 16.
Qe3 $11) 14. Ra3 (14. hxg5 hxg5 15. Rxh8+ Bxh8 16. Bc4 Bxc4 17. Nxc4 Ncxe4 18.
Nxe4 Nxe4 19. Nb6 Rd8 20. Qd3 f5 21. O-O-O $13) 14... Rd8 (14... d5 15. exd5
Nxd5 16. Nxd5 Bxd5 17. c4 Bc6 18. b4 Ne6 $15) 15. Qe2 (15. b4 Ncd7 16. Ndb1 d5
17. Nxd5 Bxd5 18. exd5 Qd6 19. Rb3 Qxd5 20. Qxd5 Nxd5 21. Bd3 $14) 15... d5 (
15... b5 16. axb6 Qxb6 17. Nd1 Qc6 18. f3 Nh5 19. Bf2 d5 $13) 16. f3 $2 {
[%mdl 16384] Positionally very bad move, nakamura will dominate the board and
white pieces will forever lack coordination.} (16. exd5 Nxd5 17. Nxd5 Bxd5 18.
Re3 Nd7 19. c4 Be6 20. b4 b6 $132) 16... d4 $1 17. Nd1 (17. Na2 Bxa2 18. hxg5
hxg5 19. Rxh8+ Bxh8 20. Rxa2 d3 21. Qd1 Ncxe4 22. fxe4 dxc2 23. Qc1 Rxd2 24.
Kxd2 Nxe4+ 25. Ke1 Nxg3 26. Bd3 Qc5 27. Qxc2 Qg1+ 28. Kd2 Qxg2+ $19) 17... Nh5
18. Qf2 (18. Bh2 Nf4 19. Qf2 Nd7 20. c3 dxc3 21. bxc3 Nc5 $19) 18... Bf6 19.
hxg5 Nxg3 20. Qxg3 Bxg5 {Th absence of dark squared bishop only adds to
Hansen's plight. Black's king is much safer in the center than his white
counterpart.} 21. Qh2 (21. Bd3 Nxd3+ 22. cxd3 Qc1 23. Qf2 Rc8 24. Nc4 Be7 25.
Rb3 b5 26. axb6 Rxc4 27. dxc4 (27. b7 Bb4+ 28. Rc3 O-O $19) 27... Qxc4 $19) (
21. Nc4 f6 22. Nf2 d3 23. cxd3 Bxc4 24. dxc4 Bd2+ $17) 21... Ke7 22. Nc4 d3 $1
23. cxd3 (23. Bxd3 Nxd3+ 24. cxd3 Bxc4 25. dxc4 Bd2+ 26. Kf1 Qxc4+ 27. Kg1 Qd4+
28. Nf2 Qxb2 $19) 23... Bxc4 24. dxc4 Bd2+ {The attacker is roaming free on
dark squares.} 25. Ke2 (25. Kf2 Bb4 26. Qh4+ Kd7 (26... Ke8 27. Ne3 Bxa3 28.
bxa3 Qe7 29. Qg3 Nd7 $15) 27. Re3 Bxa5 28. Qf6 Kc8 $17) 25... Ne6 (25... Qd6 $1
26. Qh4+ Ke8 27. f4 Bb4 $19) 26. g3 (26. Ne3 Nf4+ 27. Kf2 Bxe3+ 28. Rxe3 Qc5
$19) (26. Rd3 Qxa5 27. Ra3 Qb4 28. Kf2 Qc5+ $19) 26... Qxc4+ (26... Bb4 27. Rc3
Qd7 $19) 27. Kf2 Qc5+ 28. Ne3 (28. Kg2 Bb4 29. Rd3 Qc2+ 30. Nf2 Bc5 $19) 28...
Bxe3+ 29. Rxe3 Rd2+ 30. Be2 Rxb2 {White has lost the battle as he has no
compensation for the problems in the center.} 31. Rd1 Rb3 32. Qh4+ (32. Rdd3
Rxd3 33. Bxd3 Rd8 34. Be2 Rd2 35. Qh4+ Ke8 36. Qxh6 Nd4 37. Qh8+ Kd7 $19) 32...
f6 33. Rdd3 Rxd3 34. Bxd3 Qxa5 0-1